| 000 | 00847nam a2200229 a 4500 | ||
|---|---|---|---|
| 001 | 1453 | ||
| 003 | BR-CuiBMT | ||
| 005 | 20231212215442.0 | ||
| 008 | 231209s2009 mtba 000 0 por d | ||
| 020 | _a9788598587127 | ||
| 040 |
_aBR-CuiBMT _cBR-CuiBMT |
||
| 080 |
_22007 _a35.073.52 _x(817.2) _x(047) |
||
| 090 |
_a35.073.52(817.2)(047) _bM433p |
||
| 110 | 1 |
_aMato Grosso. _bTribunal de Contas. |
|
| 245 | 1 | 0 |
_aParecer prévio sobre as contas anuais prestadas pelo governador do Estado de Mato Grosso : _b2008 / _cTribunal de Contas de Mato Grosso. |
| 260 |
_aCuiabá : _bTCE-MT, _c2009. |
||
| 300 |
_a181 p. : _bil. ; _c22 x 24 cm |
||
| 650 |
_aAdministração pública _xPrestação de contas _zMato Grosso |
||
| 650 |
_aTribunal de contas _zMato Grosso _vRelatório e parecer |
||
| 650 |
_aAdministração pública _zMato Grosso |
||
| 942 |
_2udc _cLV |
||
| 999 |
_c1453 _d1453 |
||